000 00554nam a22001817a 4500
999 _c26056
_d26056
003 BDDh-ASL
005 20231015030607.0
008 210924s1958 i ||||| |||| 00| 0 u d
040 _aBDDh-ASL
_cBDDh-ASL
082 _a297.266
_bSII
100 1 _94570
_aSindilavi, Mawlana Muhammad Ishaq
245 1 0 _aIslam Ka Siyasi Nizam : / اسلام کا سیاسی نظام
246 _aIslam Ka Siyasi Nizam
260 _aAzamgarh :
_bMarif Press ,
_c1376H./ 1958.
300 _a311 p. :
_c25 cm.
650 0 _91652
_aIslam
_xPolitics
942 _2ddc
_cBK